000 00347nam a22001577a 4500
003 MPLRDC
005 20220104123359.0
008 210129b ||||| |||| 00| 0 eng d
082 _a937 NS
100 _a倪南山编绘
245 _a黑板画资料
_c
260 _a
_b南山出版社
_c
300 _b
650 _a
942 _cBK
_o937 NS
999 _c10964
_d10954